| 000 | 02047cam a2200493 i 4500 | ||
|---|---|---|---|
| 001 | 17862925 | ||
| 003 | OSt | ||
| 005 | 20260408055329.0 | ||
| 006 | m |o d | | ||
| 007 | cr_||||||||||| | ||
| 008 | 130823s2014 cau ob 001 0 eng | ||
| 010 | _a 2013034738 | ||
| 020 |
_a9781118573150 _qepub |
||
| 020 |
_a9781118573136 _qpdf |
||
| 020 | _z9781118567234 (cloth) | ||
| 035 | _a17862925 | ||
| 040 |
_aDLC _beng _cDLC _erda _dDLC |
||
| 042 | _apcc | ||
| 050 | 0 | 0 | _aHD57.7 |
| 082 | 0 | 0 |
_a658.4/092 _223 |
| 100 | 1 |
_aHughes, Richard L., _d1946- |
|
| 245 | 1 | 0 |
_aBecoming a strategic leader : _byour role in your organization's enduring success / _cRichard L. Hughes, Katherine Colarelli Beatty, David L. Dinwoodie. |
| 250 | _aSecond edition. | ||
| 264 | 1 |
_aSan Francisco : _bJossey-Bass, _c[2014] |
|
| 300 | _a1 online resource. | ||
| 336 |
_atext _2rdacontent |
||
| 337 |
_acomputer _2rdamedia |
||
| 338 |
_aonline resource _2rdacarrier |
||
| 490 | 0 | _aThe Jossey-Bass business & management series | |
| 500 | _a"A joint publication of The Jossey-Bass Business & Management Series And The Center for Creative Leadership." | ||
| 504 | _aIncludes bibliographical references and index. | ||
| 505 | 0 | _aWhat is strategic leadership? -- Strategic thinking -- Strategic acting -- Strategic influence -- Strategic leadership teams -- Leadership strategies for superior performance -- Developing strategic leadership. | |
| 588 | _aDescription based on print version record and CIP data provided by publisher. | ||
| 650 | 0 | _aLeadership. | |
| 650 | 0 | _aStrategic planning. | |
| 650 | 0 | _aOrganizational effectiveness. | |
| 650 | 0 | _aSuccess in business. | |
| 700 | 1 |
_aBeatty, Katherine Colarelli, _d1965- |
|
| 700 | 1 | _aDinwoodie, David L. | |
| 776 | 0 | 8 |
_iPrint version: _aHughes, Richard L. _tBecoming a strategic leader _bSecond edition. _dSan Francisco : Jossey-Bass, [2014] _z9781118567234 _w(DLC) 2013033903 |
| 906 |
_a7 _bcbc _corigcop _d1 _eecip _f20 _gy-gencatlg |
||
| 942 |
_2lcc _cBK _n0 |
||
| 999 |
_c23672 _d23671 |
||